01015nam a22002897a 450000500170000000800410001701000140005802000100007203500130008203700150009504000180011008200110012810000190013924500940015826000690025227000810032130000320040265000160043465000240045065000230047465000190049770000290051670000170054594200250056299900170058795201210060420080901114254.0080901t xxu||||| |||| 00| 0 eng d aENG-90823 c95.00 aEN-74356 bDBAD / PUB aDPLbEnglish  a650.14 aRavindran, G.  aSuccess through soft skills /cby G. Ravindran, S Papu Benjamin Elango [and] L. Arockiam  aTiruchirapallibInstitute for Communication and Technologyc2007 a413, C-Block, Vignesh Empire, Salai Road, Woraiyur,bTriuchirappallie620003 a127p.;c23 cm (pbk) bill.  aJob hunting aVocational guidance aCareer development aJob enrichment aElango, S. Papu Benjamin aArockiam, L. 2ddccENh650.14mRAV c15232d15232 001040718NFICaDBADbDBADd2008-09-01g95.00l0o650.14 RAVpEN-74356r2008-09-15 00:00:00v95.00w2008-09-15yEN